NAQT South American Political Leaders - Statistics

General Stats
  • This quiz has been taken 8 times
  • The average score is 3 of 7
Answer Stats
Hint Answer % Correct
Cartagena Manifesto, Battle of Carabobo, Gran Colombia, El Libertador Simon Bolivar
88%
Eva Duarte, Evita, Descamisados, Three Flags, Third Way Juan Peron
63%
Chile, 1973, Chicago Boys, Milton Friedman, Rettig and Valech Augusto Pinochet
50%
Venezuela, Bolivarian Revolution, Fifth Republic Movement Hugo Chavez
50%
Emperor of Brazil, King John VI, Cry of Ipiranga Pedro I
50%
War of the Triple Alliance, Platine War, Emperor of Brazil at Age 5 Pedro II
13%
Battle of San Lorenzo, Chacabuco, Maipu Jose de San Martin
0%
No matching quizzes found
Score Distribution
Percent of People with Each Score
Percentile by Number Answered
Your Score History
You have not taken this quiz